| 000 | 00904nmm a2200301 a 4500 | ||
|---|---|---|---|
| 003 | AR-BaBNM | ||
| 005 | 20251128203831.0 | ||
| 008 | 277019s1982 ||||||||||||||000 | spa|| | ||
| 020 | _a950-06-1322-0 | ||
| 040 | _cAR-BaBNM | ||
| 100 | 1 | _aLöwe, Armin | |
| 245 | 1 | 0 |
_aEstimulación temprana del bebé sordo _bpruebas útiles para la utilización de los padres |
| 260 |
_aBuenos Aires _bEditorial Médica Panamericana _c1982 |
||
| 300 | 0 |
_a56 p. _bil., diagr. |
|
| 650 | 4 | _aEDUCACION ESPECIAL | |
| 650 | 4 | _aSORDOS | |
| 650 | 4 | _aESTIMULACION TEMPRANA | |
| 650 | 4 | _aRECEPCION AUDITIVA | |
| 650 | 4 | _aENFERMEDADES DE LA INFANCIA | |
| 650 | 4 | _aENFERMEDADES DEL SISTEMA SENSORIAL | |
| 650 | 4 | _aSORDERA | |
| 653 | 0 | _aREEDUCACION | |
| 700 | 1 |
_aPloetz, Inga _etraductor |
|
| 700 | 1 |
_aSchrager, Orlando L. _eprologuista |
|
| 700 | 1 |
_aFeuchte, Herbert _eprologuista |
|
| 942 | _cBK | ||
| 998 | _cSILVI | ||
| 999 |
_c5101 _d5101 |
||